Caricamento...

Ponder heart /

Dettagli Bibliografici
Autore principale: Welty, Eudora
Natura: Printed Book
Lingua:English
Pubblicazione: London : Virago Press, 1983.
Soggetti:
LEADER 00455nam a2200145Ia 4500
008 150623b xxu||||| |||| 00| 1 eng d
082 |a 813.52W4 
100 |a Welty, Eudora 
245 |a Ponder heart /  |c Eudora Welty 
260 |a London :  |b Virago Press,  |c 1983. 
300 |a 132 p. 
650 |v Fiction 
942 |c BK 
999 |c 41358  |d 41358 
952 |0 0  |1 0  |2 ddc  |4 0  |6 813_000000000000000_52W4_PON  |7 0  |9 41355  |a UL  |b UL  |c ST2  |d 1998-09-24  |l 0  |o 813.52W4 PON  |p 59702  |r 2012-10-27  |y BK